000 00888nam a2200229 4500
001 127107
003 ES-MaACL
005 20250404194738.0
007 t|
008 070214s1944 mx r ||||1| spa d
100 1 _aReyes, Alfonso,
_d1889-1959
_996554
245 1 0 _aTentativas y orientaciones /
_cAlfonso Reyes.
260 _aMéxico :
_bNuevo Mundo,
_c1944.
300 _a230 p. ;
_c21 cm.
510 _aCCPB,
_c001330800-9
651 7 _9139253
_aMéxico-
_xEn la literatura
852 _aES-MaACL
_jD-6568
_bR.30333
_bR.M.6159
_9131774
_cSVI
_fSello en tinta azul de la Biblioteca del Ateneo de Madrid
_gAnotación manuscrita en cubierta: "2"
_zEn cubierta: "12. MAR. 1951"
942 _2udc
_cMONOGRAFIA
999 _c127107
_d127107